000 00449nam a2200193Ia 4500
005 20240823053647.0
008 240823s9999||||xx |||||||||||||| ||und||
020 _a0-06-050225-8
041 _aENGLISH
082 _A823 P2
100 _aRebecca Wells
245 0 _aDivine Secrets of the Ya-Ya Sisterhood
250 _a1st
260 _c2002
_bHarper
500 _aYES
650 _aEnglish Story
_bGeneral
942 _cBK
999 _c224662
_d224662